• 首页
  • 本馆介绍
  • 公告通知
  • 最新文献
  • 馆藏检索
  • 电子资源
  • 读者导购
  • 参考咨询
  • 我的图书馆
  • 登录
  • 详细信息显示
  • 放入我的书架
  • 预约/预借图书
  • 作者相关作品
  • 分类相关作品
  • 丛书相关作品
  • 出版社相关作品

书目信息

  • 表格格式
  • 工作单格式
  • 卡片格式
题名:
当代新疫苗
    
 
作者: 李忠明
分册:  
出版信息: 北京   高等教育出版社  2001
页数: 780
开本: 26cm
丛书名: 当代科学前沿论丛
单 册:
中图分类: R979.9
科图分类:
主题词: 药物 , 药物--汇编
电子资源:
ISBN: 7-04-010008-8
000 00596nam0 2200217 450
001 0741144344
005 20070817112544.34
010    @a7-04-010008-8@d¥126.00
100    @a20070817d km y0chiy0120 ea
101 0  @achi
200 1  @a当代新疫苗@Adang dai xin yi miao@f李忠明@Fli zhong ming
210    @a北京@c高等教育出版社@d2001
215    @a780@c插图@d26cm
225 2  @a当代科学前沿论丛
410  0 @12001 @a当代科学前沿论丛
606 0  @a药物
606 0  @a药物@x汇编
690    @aR979.9@v3
701  0 @a李忠明@Ali zhong ming
801  0 @aCN@bPFT@c20070817
905    @a213230@dR979.9@en1@f1
    
    当代新疫苗/李忠明.-北京:高等教育出版社,2001
    780:插图;26cm.-(当代科学前沿论丛)
    
    
    ISBN 7-04-010008-8:¥126.00
    
●
相关链接 在E读中查询图书 在五车中查询图书 在当当中查询图书 在豆瓣中查询图书


正题名:当代新疫苗     索取号:R979.9/n1         预约/预借

序号 登录号 条形码 馆藏地/架位号 状态 备注
1 6600937   266009375   密集书库-生命科学系/ [索取号:R979.9/n1] 在馆    
唐山师范学院图书馆 欢迎您!
大连网信软件有限公司© 版权所有